000 00678nmm a2200241Ia 4500
008 251105s9999||||xx |||||||||||||||||und||
020 _a9788498957518
041 _aspa
100 _aC?pr?roiu, Gabriela
245 0 _aLa piedra habla :
_b Antología poética
264 _a[Madrid, España] :
_bVisor Libros,
_c2010
300 _a198 páginas
490 _aVisor de Poesía
650 _aOther poetry
700 _aC?pr?roiu, Gabriela
700 1 _a C?pr?roiu, Gabriela
700 1 _a C?pr?roiu, Gabriela
700 1 _a Lara, Omar
700 1 _a Lara, Omar
700 1 _a Blaga, Lucian
856 _uhttps://public.digitaliapublishing.com/a/41461
942 _cCF
999 _c63242
_d63242